Distribution and transport of polychlorinated biphenyls and associated particulates in the Milwaukee River System, Wisconsin, 1993-95 /

Bibliographic Details
Main Author: Steuer, Jeffrey S.
Corporate Author: Wisconsin. Department of Natural Resources
Other Authors: Fitzgerald, Sharon A. (Sharon Anne), Hall, David W.
Format: Government Document Book
Language:English
Series:Water-resources investigations report ; 99-4100.
Subjects:
Online Access:https://purl.fdlp.gov/GPO/LPS24241

MARC

Tag First Indicator Second Indicator Subfields
LEADER 00000cam a2200000 a 4500
001 in00000005643
008 990921s1999 wiuab b f000 0 eng
005 20230331144300.1
010 |a  99460706  
019 |a 42404529 
035 |a (OCoLC)ocm43318633 
035 |9 AJK6368AM 
035 |a in00000005643 
040 |a DLC  |c DLC  |d GPO  |d AGL  |d GPO  |d UtOrBLW 
042 |a pcc 
043 |a n-us-wi 
049 |a TXAM 
050 0 0 |a GB701  |b .W375 no. 99-4100  |a TD427.P65 
070 0 |a GB701  |b .W375 no. 99-4100 
072 0 |a W000 
074 |a 0624-B 
074 |a 0624-B (online) 
082 0 0 |a 553.7/0973 s  |a 363.738/4  |2 21 
086 0 |a I 19.42/4:99-4100 
100 1 |a Steuer, Jeffrey S. 
245 1 0 |a Distribution and transport of polychlorinated biphenyls and associated particulates in the Milwaukee River System, Wisconsin, 1993-95 /  |c by Jeffrey S. Steuer, Sharon A. Fitzgerald, and David W. Hall ; prepared in cooperation with the Wisconsin Department of Natural Resources Milwaukee Metropolitan Sewage District. 
264 2 |a Middleton, Wis. : U.S. Dept. of the Interior, U.S. Geological Survey ;  |a Denver, CO :  |b U.S. Geological Survey, Branch of Information Services [distributor],  |c 1999. 
300 |a vi, 37 pages :  |b illustrations, maps ;  |c 28 cm. 
336 |a text  |b txt  |2 rdacontent 
337 |a unmediated  |b n  |2 rdamedia 
338 |a volume  |b nc  |2 rdacarrier 
490 1 |a Water-resources investigations report ;  |v 99-4100 
500 |a Shipping list number: 99-0353-P. 
530 |a Also available via Internet from USGS web site. Address as of 11/20/02: http://www.//pubs.water.usgs.gov/wri994100; current access is available via PURL. 
504 |a Includes bibliographical references (pages 28-29). 
650 0 |a Polychlorinated biphenyls  |x Environmental aspects  |z Wisconsin  |z Milwaukee River Watershed. 
650 0 |a Particles  |x Environmental aspects  |z Wisconsin  |z Milwaukee River Watershed. 
650 0 |a Water  |x Pollution  |z Wisconsin  |z Milwaukee River Watershed. 
700 1 |a Fitzgerald, Sharon A.  |q (Sharon Anne) 
700 1 |a Hall, David W. 
710 1 |a Wisconsin.  |b Department of Natural Resources. 
830 0 |a Water-resources investigations report ;  |v 99-4100. 
856 4 1 |u https://purl.fdlp.gov/GPO/LPS24241  |t 0 
994 |a E0  |b TXA 
948 |a cataloged  |b h  |c 2003/03/10  |e zprado  |f 12:21:54 pm 
999 |a MARS 
999 f f |i f480f605-e3b0-39c8-aa4d-849a56ab8a94  |s f669c0db-fd74-33df-bf7b-e32a5770fccc  |t 0 
952 f f |p normal  |a Texas A&M University  |b College Station  |c Sterling C. Evans Library  |d Evans: US Documents (Annex 5th floor)  |t 0  |e I 19.42/4:99-4100  |h Superintendent of Documents classification  |i unmediated -- volume  |m A14824289673 
952 f f |a Texas A&M University  |b College Station  |c Electronic Resources  |d Available Online  |t 0  |e I 19.42/4:99-4100  |h Superintendent of Documents classification 
998 f f |a I 19.42/4:99-4100  |t 0  |l Evans: US Documents (Annex 5th floor) 
998 f f |a I 19.42/4:99-4100  |t 0  |l Available Online